| 000 | 00685nam a2200205 a 4500 | ||
|---|---|---|---|
| 005 | 20240911063723.0 | ||
| 008 | 991125s1981 bue 000 0 spa u | ||
| 035 | _aUPN01000022689 | ||
| 049 | _aCG | ||
| 050 | 4 |
_aHD320.5 _bT6.4 |
|
| 100 | 1 | _aTorres Rivas, Edelberto | |
| 245 | 1 | 0 |
_aEstructuras sociales rurales en América Latina / _cEdelberto Torres Rivas. |
| 260 |
_aBuenos Aires : _bUNESCO : _bCEPAL : _bPNUD, _c1981. |
||
| 300 | _a90 p. | ||
| 500 | _a"Proyecto Desarrollo y Educación en América Latina y el Caribe" | ||
| 500 | _a"DEALC/26" | ||
| 651 | 2 |
_aAmérica Latina _xCondiciones sociales _92836 |
|
| 651 | 4 |
_aAMERICA LATINA - _xCONDICIONES RURALES _92835 |
|
| 905 | _aLibro | ||
| 999 |
_c22689 _d22689 |
||